Statistics for Superhero Alter Egos Quiz

Click here to take the quiz!

General Stats

  • This quiz has been taken 95,196 times
    (27,949 since last reset)
  • The average score is 14 of 22

Answer Stats

Alter-Ego Superhero % Correct
Bruce WayneBatman
99%
Peter ParkerSpider-Man
99%
Clark KentSuperman
98%
Tony StarkIron Man
96%
Bruce BannerThe Hulk
95%
Diana PrinceWonder Woman
89%
Steve RogersCaptain America
87%
Charles XavierProfessor X
69%
Barry AllenThe Flash
64%
Wade WilsonDeadpool
61%
Clint BartonHawkeye
61%
Dick GraysonRobin / Nightwing
61%
Jean GreyPhoenix / Marvel Girl
56%
Reed RichardsMr. Fantastic
54%
Barbara GordonBatgirl / Oracle
52%
Scott SummersCyclops
52%
Matt MurdockDaredevil
50%
Hal JordanGreen Lantern
49%
Ororo MunroeStorm
37%
Kara DanversSupergirl
36%
James HowlettWolverine
34%
Billy BatsonCaptain Marvel / Shazam!
32%

Score Distribution

Percentile by Number Answered

Percent of People with Each Score

Your Score History

You have not taken this quiz since the last reset